Di sản thế giới tại Việt Nam - Statistics

General Stats
  • This quiz has been taken 23 times
  • The average score is 4 of 8
Answer Stats
Picture Answer % Correct
Vịnh Hạ Long
100%
Phố cổ Hội An
69%
Thành nhà Hồ
54%
Hoàng thành Thăng Long
46%
Thánh địa Mỹ Sơn
31%
Quần thể di tích cố đô Huế
23%
Vườn quốc gia Phong Nha - Kẻ Bàng
23%
Quần thể danh thắng Tràng An
15%
No matching quizzes found
Score Distribution
Percent of People with Each Score
Percentile by Number Answered
Your Score History
You have not taken this quiz